Normal view
MARC view
- DIP.DIGITAL IMAGE PROCESSING-AN ALGORITHMIC APPROACH.DIGITAL IMAGE PROCESSING
Entry Topical Term
001 - CONTROL NUMBER
- control field: 68998
003 - CONTROL NUMBER IDENTIFIER
- control field: NUST
005 - DATE AND TIME OF LATEST TRANSACTION
- control field: 20210628204144.0
008 - FIXED-LENGTH DATA ELEMENTS
- fixed length control field: 210628|| aca||aabn | a|a d
040 ## - CATALOGING SOURCE
- Original cataloging agency: NUST
- Transcribing agency: NUST
150 ## - HEADING--TOPICAL TERM
- Topical term or geographic name entry element: DIP.DIGITAL IMAGE PROCESSING-AN ALGORITHMIC APPROACH.DIGITAL IMAGE PROCESSING
670 ## - SOURCE DATA FOUND
- Source citation: Work cat.: (NUST): Joshi, Madhuri.A 68997, Digital image processing , an algorithmic approach, 2009
